000 01065nam a22002777i 4500
003 EG-GICUC
005 20260225231518.0
008 260225t1981 Ua|||||f |||| 00| 0 ara d
040 _a EG-GICUC
_bara
_c EG-GICUC
_d EG-GICUC
_erda
043 _af-ua---
082 0 4 _221
_a343.3193
092 0 4 _221
099 _aLaw1 10 343.3193 ف ر . ج 1981
100 0 _aفرج علوني هليل
245 1 2 _aالجديد في قوانين التشرد والإشتباه والمواقف القضائية وفقا لاخر التعديلات معلقا عليها /
_cفرج علوني هليل.
264 _aالاسكندريه:
_bدار المطبوعات الجامعية;
_c1981.
300 _a48; صفحة
_c24 سم
336 _2rda content
_atext
337 _2rda media
_aComputer
338 _2rda carrier
_aOnline Resource
650 1 4 _aحقوق المشتبه فيه في الإجراءات القانونية
_2qrmak
651 1 _2qrmak
856 4 0 _uhttps://fll.law.cu.edu.eg/fulltext/bks/B10-08829.pdf
905 _a17
942 _2ddc
_cBK
_e21
_n0
999 _c64239
_d64239